Marvel Characters List - Statistics

General Stats
  • This quiz has been taken 36 times
    6 since last reset
  • The average score is 146 of 374
Answer Stats
Character % Correct
Ben Parker | Uncle Ben
100%
Black Widow
100%
Captain America
100%
Captain Marvel
100%
Cyclops
100%
Deadpool
100%
Doctor Strange
100%
Drax
100%
Electro
100%
Gamora
100%
Groot
100%
Hawkeye
100%
Iron Man
100%
Loki
100%
Mantis
100%
May Parker | Aunt May
100%
Nebula
100%
Odin
100%
Pepper Potts | Rescue
100%
Quicksilver
100%
Rocket Raccoon
100%
Spider-Man
100%
Star-Lord
100%
Thanos
100%
Thor
100%
Vision
100%
Wolverine
100%
Abomination
50%
Absorbing Man
50%
Adam Warlock
50%
Agatha Harkness
50%
Agent 13
50%
Agent Venom | Flash Thompson
50%
Ajak
50%
Aldrich Killian
50%
Alexander Pierce
50%
America Chavez
50%
Ancient One
50%
Angel
50%
Ant-Man | Hank Pym
50%
Ant-Man | Scott Lang
50%
Apocalypse
50%
Arishem
50%
Arnim Zola
50%
Azazel
50%
Baron Mordo
50%
Baron Strucker
50%
Baron Zemo
50%
Beast
50%
Betty Ross
50%
Big Wheel
50%
Bishop
50%
Black Cat
50%
Black Knight
50%
Black Panther
50%
Blade
50%
Blink
50%
Bolivar Trask
50%
Bullseye
50%
Cable
50%
Caliban
50%
Captain Britain
50%
Captain Stacy
50%
Carnage
50%
Cassandra Nova
50%
Cassie Lang
50%
Chameleon
50%
Colossus
50%
Cosmo
50%
Crossbones
50%
Cull Obsidion
50%
Dar-Benn
50%
Daredevil
50%
Darwin
50%
Domino
50%
Dormammu
50%
Dracula
50%
Dr. Doom
50%
Dr. Octopus
50%
Druig
50%
Ebony Maw
50%
Echo
50%
Ego
50%
Elektra
50%
Emma Frost
50%
Falcon | Joaquin Torres
50%
Falcon | Sam Wilson
50%
Fandral
50%
Flag-Smasher
50%
Frigga
50%
Galactus
50%
Gambit
50%
General Dreykov
50%
Ghost
50%
Ghost Rider
50%
Gilgamesh
50%
Gorr
50%
Green Goblin
50%
Gwen Stacy | Spider-Gwen
50%
Hammerhead
50%
Happy Hogan
50%
Havok
50%
Heimdall
50%
Hela
50%
High Evolutionary
50%
Hobgoblin
50%
Howard Stark
50%
Howard the Duck
50%
Hulk
50%
Human Torch
50%
Hydro-Man
50%
Iceman
50%
Ikaris
50%
Invisible Woman
50%
Iron Fist
50%
Ironheart
50%
Iron Lad
50%
Iron Monger
50%
Jackal
50%
Jane Foster | Mighty Thor
50%
Jessica Jones
50%
J. Jonah Jameson
50%
Jubilee
50%
Juggernaut
50%
Justin Hammer
50%
Kaecilius
50%
Kang the Conquerer
50%
Kate Bishop
50%
Killmonger
50%
Kingo
50%
Kingpin
50%
Korg
50%
Kraglin
50%
Kraven the Hunter
50%
Kurse
50%
Lady Deathstrike
50%
Lady Sif
50%
Laufey
50%
Leader
50%
Lizard
50%
Madame Web
50%
Magik
50%
Magneto
50%
Makkari
50%
Malekith
50%
Man-Ape
50%
Mandarin
50%
Man-Thing
50%
Maria Hill
50%
Maria Rambeau
50%
Maria Stark
50%
Mar-Vell
50%
Mephisto
50%
Miek
50%
Miles Morales
50%
MJ
50%
M.O.D.O.K.
50%
Mole Man
50%
Molten Man
50%
Monica Rambeau
50%
Moon Knight
50%
Morbius
50%
Morph
50%
Mr. Fantastic
50%
Mr. Negative
50%
Mr. Sinister
50%
Ms. Marvel
50%
Multiple Man
50%
Mysterio
50%
Mystique
50%
Nakia
50%
Namor
50%
Nick Fury
50%
Nightcrawler
50%
Nova
50%
Peggy Carter | Captain Carter
50%
Phastos
50%
Phil Coulson
50%
Phoenix
50%
Polaris
50%
Power Man | Luke Cage
50%
Professor X
50%
Prowler
50%
Proxima Midnight
50%
Psylocke
50%
Pyro
50%
Queen Ramonda
50%
Red Guardian
50%
Red Hulk
50%
Red Skull
50%
Rhino
50%
Riot
50%
Rogue
50%
Ronan the Accuser
50%
Sabretooth
50%
Sandman
50%
Scarlet Spider
50%
Scarlet Witch
50%
Scorpion
50%
Scream
50%
Screwball
50%
Sebastian Shaw
50%
Sentry
50%
Sersi
50%
Shadowcat | Kitty Pryde
50%
Shang-Chi
50%
She-Hulk
50%
Shocker
50%
Shuri
50%
Silk
50%
Silver Samurai
50%
Silver Surfer
50%
Sin
50%
Speed
50%
Spider-Man 2099
50%
Spider-Man Noir
50%
Spider-Punk
50%
Spider-Woman
50%
Sprite
50%
Storm
50%
Sunspot
50%
Super-Skrull
50%
Surtur
50%
Swordsman
50%
Tarantula
50%
Taskmaster
50%
T'Chaka
50%
The Destroyer
50%
The Hood
50%
Thena
50%
The Punisher
50%
The Spot
50%
Tinkerer
50%
Titania
50%
Toad
50%
Tombstone
50%
Ultron
50%
U.S. Agent
50%
Valentina Allegra de Fontaine
50%
Valkyrie
50%
Venom
50%
Viper
50%
Volstagg
50%
Vulture
50%
War Machine
50%
Warpath
50%
Wasp | Hope van Dyne
50%
Wasp | Janet van Dyne
50%
Whiplash
50%
White Tiger
50%
White Wolf
50%
Wiccan
50%
William Stryker
50%
Winter Soldier | Bucky Barnes
50%
Wolfsbane
50%
Wonder Man
50%
Wong
50%
Wraith
50%
Wrecker
50%
X-23
50%
Yelena Belova
50%
Yellowjacket
50%
Yondu
50%
Yon-Rogg
50%
Yukio
50%
A-Bomb
0%
Amadeus Cho
0%
Annihilus
0%
Ares
0%
Banshee
0%
Bastion
0%
Batroc
0%
Battlestar
0%
Beetle
0%
Ben Urich
0%
Betty Brant
0%
Beyonder
0%
Black Bolt
0%
Blob
0%
Boomerang
0%
Brad Davis
0%
Calypso
0%
Cannonball
0%
Carrion
0%
Clea
0%
Cloak
0%
Collector
0%
Constrictor
0%
Controller
0%
Corvus Glaive
0%
Cottonmouth
0%
Count Nefaria
0%
Crimson Dynamo
0%
Cypher
0%
Dagger
0%
Darcy Lewis
0%
Dazzler
0%
Doctor Minerva
0%
Egghead
0%
Enchantress
0%
Erik Selvig
0%
Eros
0%
Ezekiel Stane
0%
Fin Fang Foom
0%
Firestar
0%
Foggy Nelson
0%
Forge
0%
Franklin Richards
0%
Goliath
0%
Grandmaster
0%
Grim Reaper
0%
Guardian
0%
Hercules
0%
Hogun
0%
Hulkling
0%
Hyperion
0%
Isaiah Bradley
0%
Karen Page
0%
Ka-Zar
0%
Killraven
0%
Klaw
0%
Knull
0%
Korvac
0%
Living Laser
0%
Liz Allan
0%
Lockjaw
0%
Longshot
0%
Machine Man
0%
Madame Masque
0%
Madrox
0%
Maestro
0%
Medusa
0%
Melina Vostokoff
0%
Menace
0%
Mimic
0%
Mirage
0%
Mockingbird
0%
Moira MacTaggert
0%
Mojo
0%
Molecule Man
0%
Morlun
0%
Ned Leeds
0%
Nightmare
0%
Northstar
0%
Okoye
0%
Omega Red
0%
Overdrive
0%
Quasar
0%
Rick Jones
0%
Sentinel
0%
Shadow King
0%
Shatterstar
0%
Shriek
0%
Silvermane
0%
Songbird
0%
Speedball
0%
Spymaster
0%
Squirrel Girl
0%
Strong Guy
0%
Sunfire
0%
Talos
0%
The Executioner
0%
Thing
0%
Thunderbird
0%
Thunderstrike
0%
Tigra
0%
Titanium Man
0%
Union Jack
0%
Vermin
0%
Vulcan
0%
Watcher
0%
Whirlwind
0%
Wizard
0%
X-Man
0%
No matching quizzes found
Score Distribution
Percent of People with Each Score
Percentile by Number Answered
Your Score History
You have not taken this quiz since the last reset